000 00584cam1a220021700 4500
001 zam00003290
008 951128s1973 xx eng u
035 _a(Sirsi) r20622
035 _a(MACHINE)SLC.
100 _aGanett, S. D.
_6A82032.1
245 1 0 _aMycology and plant pathology.
260 _c1973.
949 _aSB736
_wlcc
_mMAIN
_tBOOK
_lON-SHELF
004 20622
591 _aClass code: BS 935.
591 _aCourse: Plant pathology.
591 _aSchool: S09.
591 _aLecturer: Prof. KAPOORIA, R.G.
591 _aNumber of Students: 29.
909 _aBook
999 _c172470
_d172470